Encyclopaedia of librarianship.
Saved in:
| Main Author: | |
|---|---|
| Format: | Book |
| Language: | English |
| Published: |
New York,
Hafner Pub. Co.,
1961 [c1958]
|
| Edition: | [2d rev. ed.] |
| Subjects: | |
| Tags: |
Add Tag
No Tags, Be the first to tag this record!
|
| LEADER | 00925nam a2200289I 4500 | ||
|---|---|---|---|
| 001 | 005677360-9 | ||
| 005 | 20160409133525.0 | ||
| 008 | 770913c19611958nyu d 000 0 eng | ||
| 010 | |a 61065745 | ||
| 035 | 0 | |a ocm03259989 | |
| 035 | 0 | |a ocm03259989 |z ocm02200821 | |
| 040 | |a DLC |c RIU |d IHS |d HLS | ||
| 050 | 0 | |a Z1006 |b .L3 1961 | |
| 060 | 0 | 0 | |a Z 1006 |b L253e 1961 |
| 100 | 1 | |a Landau, Thomas, |e ed. | |
| 245 | 1 | 0 | |a Encyclopaedia of librarianship. |
| 250 | |a [2d rev. ed.] | ||
| 260 | |a New York, |b Hafner Pub. Co., |c 1961 [c1958] | ||
| 300 | |a x, 397 p. |c 26 cm. | ||
| 504 | |a Includes bibliographical references. | ||
| 655 | 2 | |a Encyclopedias. | |
| 650 | 2 | |a Library Science. | |
| 650 | 0 | |a Library science |v Dictionaries. | |
| 655 | 7 | |a Dictionaries. |2 fast | |
| 776 | 0 | 8 | |i Online version: |a Landau, Thomas. |t Encyclopaedia of librarianship. |b 2d ed. |d New York, Hafner Pub. Co., 1961 |w (OCoLC)576670839 |
| 988 | |a 20020608 | ||
| 906 | |0 DLC | ||


